[Event "SLO-chT U20"]
[Site "Rogaska Slatina"]
[Date "2010.08.24"]
[Round "6.23"]
[White "Pahor, Ziga"]
[Black "Kroselj, Lucija"]
[Result "1-0"]
[WhiteElo "1841"]
[BlackElo "1666"]
[PlyCount "105"]
[EventDate "2010.08.21"]
[EventType "team-tourn"]
[EventRounds "9"]
[EventCountry "SLO"]
[SourceTitle "EXT 2022"]
[Source "ChessBase"]
[SourceDate "2021.10.06"]
[SourceVersion "1"]
[SourceVersionDate "2021.10.06"]
[SourceQuality "1"]

1. d4 d5 2. c4 e6 3. Nf3 Nf6 4. Nc3 c6 5. Bg5 Be7 6. e3 0-0 7. c5 Nbd7 8. b4 h6 9. Bh4 b6 10. Bd3 Bb7 11. h3 Re8 12. Bg3 Qc8 13. 0-0 Bd8 14. Re1 Bc7 15. Bxc7 Qxc7 16. Qb3 e5 17. Bc2 e4 18. Nh4 g6 19. Reb1 b5 20. a4 a6 21. Ra2 Nf8 22. Rba1 Ne6 23. Ne2 Qe7 24. g3 Ng5 25. Kg2 Qd7 26. Rh1 Kg7 27. Bd1 Nxh3 28. Nxg6 fxg6 29. Rxh3 Qf5 30. Nf4 Kh7 31. Qc2 Rf8 32. Qe2 Bc8 33. Rh1 g5 34. Nh3 Ra7 35. axb5 cxb5 36. Rc2 Kg7 37. Qe1 Ng4 38. Qc3 Raf7 39. Qb2 h5 40. Qa2 h4 41. gxh4 gxh4 42. Nf4 Qg5 43. Kf1 Kh7 44. Ke1 Nh2 45. Qxd5 Qxd5 46. Nxd5 Nf3+ 47. Kf1 h3 48. Nf4 Nxd4 49. Rd2 Nc6 50. Nxh3 Kg6 51. Rd6+ Rf6 52. Nf4+ Kf5 53. Rh5# 1-0

[Event "SLO-ch U16"]
[Site "Slovenia"]
[Date "2010.??.??"]
[Round "2"]
[White "Brcar, Ales"]
[Black "Pahor, Ziga"]
[Result "1-0"]
[WhiteElo "1940"]
[BlackElo "1840"]
[PlyCount "49"]
[EventDate "2010.??.??"]
[EventType "swiss"]
[EventRounds "9"]
[EventCountry "SLO"]
[SourceTitle "EXT 2012"]
[Source "ChessBase"]
[SourceDate "2011.11.24"]
[SourceVersion "1"]
[SourceVersionDate "2011.11.24"]
[SourceQuality "1"]

1. e4 d5 2. exd5 Qxd5 3. Nc3 Qa5 4. d4 c6 5. Nf3 Nf6 6. Bc4 Bg4 7. h3 Bh5 8. g4 Bg6 9. Ne5 e6 10. Bd2 Qb6 11. Nxg6 hxg6 12. Qe2 Be7 13. 0-0-0 Qxd4 14. Bh6 Qc5 15. Bxg7 Rh7 16. Bxf6 Bxf6 17. Ne4 Qe7 18. Qd2 Be5 19. f4 Bc7 20. f5 gxf5 21. gxf5 Nd7 22. Qxd7+ Qxd7 23. Nf6+ Ke7 24. Rxd7+ Kxf6 25. Rxc7 1-0

[Event "SLO-ch U16"]
[Site "Slovenia"]
[Date "2010.??.??"]
[Round "6"]
[White "Pahor, Ziga"]
[Black "Janzekovic, Klemen Tilen"]
[Result "0-1"]
[WhiteElo "1840"]
[BlackElo "1870"]
[PlyCount "86"]
[EventDate "2010.??.??"]
[EventType "swiss"]
[EventRounds "9"]
[EventCountry "SLO"]
[SourceTitle "EXT 2012"]
[Source "ChessBase"]
[SourceDate "2011.11.24"]
[SourceVersion "1"]
[SourceVersionDate "2011.11.24"]
[SourceQuality "1"]

1. d4 Nf6 2. Nf3 g6 3. Bf4 Bg7 4. h3 0-0 5. e3 d6 6. Be2 Nbd7 7. c3 b6 8. 0-0 Bb7 9. Nbd2 c5 10. Qb3 Qc7 11. Rfe1 Rad8 12. Bc4 e5 13. Bg3 Bh6 14. Rad1 Ne4 15. Nxe4 Bxe4 16. Nd2 Bb7 17. Bd5 Bxd5 18. Qxd5 Nf6 19. Qc4 Qe7 20. Nf3 e4 21. Nd2 Rfe8 22. Qa4 Nh5 23. Bh2 f5 24. Qc6 Qe6 25. d5 Qf6 26. Qc7 f4 27. exf4 Bxf4 28. Bxf4 Qxf4 29. Rxe4 Qf6 30. Qxa7 Rf8 31. Nf3 Nf4 32. Re7 Ra8 33. Qb7 h6 34. Rh7 g5 35. Re1 Rab8 36. Qd7 Rbd8 37. Qe7 Qg6 38. Rxh6 Qxh6 39. Nxg5 Qg6 40. g3 Rfe8 41. Qh7+ Qxh7 42. Rxe8+ Rxe8 43. Nxh7 Ne2+ 0-1

[Event "SLO-chT U20"]
[Site "Nova Gorica"]
[Date "2009.08.23"]
[Round "3"]
[White "Turek, Lan Timotej"]
[Black "Pahor, Ziga"]
[Result "1/2-1/2"]
[WhiteElo "1922"]
[BlackElo "1822"]
[PlyCount "38"]
[EventDate "2009.08.22"]
[EventType "team-tourn"]
[EventRounds "9"]
[EventCountry "SLO"]
[SourceTitle "CBM 132 Extra"]
[Source "ChessBase"]
[SourceDate "2009.11.03"]
[SourceVersion "1"]
[SourceVersionDate "2009.11.03"]
[SourceQuality "1"]

1. e4 d5 2. e5 c5 3. c4 d4 4. d3 Nc6 5. Nf3 Bg4 6. Bf4 e6 7. Nbd2 Nge7 8. h3 Bxf3 9. Nxf3 Ng6 10. Bh2 Qa5+ 11. Qd2 Nb4 12. Ke2 Qc7 13. a3 Nc6 14. Qg5 Be7 15. Qg4 Qb6 16. Rb1 Qb3 17. Nd2 Qc2 18. Qe4 Bg5 19. f4 Bd8 1/2-1/2

[Event "SLO-chT U20"]
[Site "Nova Gorica"]
[Date "2009.08.22"]
[Round "1"]
[White "Hiti, Domen"]
[Black "Pahor, Ziga"]
[Result "1-0"]
[WhiteElo "1865"]
[BlackElo "1822"]
[PlyCount "59"]
[EventDate "2009.08.22"]
[EventType "team-tourn"]
[EventRounds "9"]
[EventCountry "SLO"]
[SourceTitle "CBM 132 Extra"]
[Source "ChessBase"]
[SourceDate "2009.11.03"]
[SourceVersion "1"]
[SourceVersionDate "2009.11.03"]
[SourceQuality "1"]

1. d4 g6 2. c4 Nf6 3. Nc3 Bg7 4. Nf3 0-0 5. Bf4 d6 6. g3 Nbd7 7. Bg2 c5 8. dxc5 Nxc5 9. 0-0 Bd7 10. Rc1 Qb6 11. b3 a5 12. Be3 Qc7 13. Nd4 Rab8 14. Ndb5 Qc8 15. a3 Bc6 16. Na7 Qc7 17. Nxc6 bxc6 18. Bxc5 dxc5 19. Na4 Nd7 20. Qc2 Rb7 21. Rfd1 Rfb8 22. Bh3 Nf6 23. Nxc5 Rb6 24. Rd3 Qe5 25. Na4 R6b7 26. Bg2 Rc7 27. f4 Qh5 28. Bf3 Qf5 29. e4 Nxe4 30. Bxe4 1-0

[Event "Nova Gorica op-B 14th"]
[Site "Nova Gorica"]
[Date "2009.02.07"]
[Round "9"]
[White "Peric, Bernard"]
[Black "Pahor, Ziga"]
[Result "1-0"]
[WhiteElo "1840"]
[BlackElo "1899"]
[PlyCount "65"]
[EventDate "2009.01.31"]
[EventType "swiss"]
[EventRounds "9"]
[EventCountry "SLO"]
[SourceTitle "EXT 2011"]
[Source "ChessBase"]
[SourceDate "2010.11.26"]
[SourceVersion "1"]
[SourceVersionDate "2010.11.26"]
[SourceQuality "1"]

1. d4 d5 2. e3 Nf6 3. Bd3 Bg4 4. Ne2 e6 5. c3 c5 6. b3 Nbd7 7. f4 a6 8. h3 Bxe2 9. Qxe2 Qc7 10. 0-0 Be7 11. Bb2 b5 12. Nd2 Qb6 13. Rac1 c4 14. Bb1 a5 15. Nf3 0-0 16. g4 a4 17. Ne5 Nxe5 18. fxe5 Ne8 19. Qc2 g6 20. Rce1 Ra7 21. b4 Kh8 22. Rf3 Bg5 23. Ref1 Qb7 24. Qh2 Qe7 25. Bc1 Rd7 26. Bd2 Nc7 27. h4 Bxh4 28. Rh3 g5 29. Rf6 Kg7 30. e4 h6 31. Rxh4 gxh4 32. Bxh6+ Kg8 33. Qxh4 1-0

[Event "SLO-ch U14"]
[Site "Postojna"]
[Date "2008.03.01"]
[Round "9"]
[White "Petrovcic, Gregor"]
[Black "Pahor, Ziga"]
[Result "1/2-1/2"]
[WhiteElo "1512"]
[BlackElo "1650"]
[PlyCount "32"]
[EventDate "2008.02.24"]
[EventType "swiss"]
[EventRounds "9"]
[EventCountry "SLO"]
[SourceTitle "EXT 2010"]
[Source "ChessBase"]
[SourceDate "2010.11.25"]
[SourceVersion "1"]
[SourceVersionDate "2010.11.25"]
[SourceQuality "1"]

1. d4 d5 2. c4 c6 3. Nc3 Bf5 4. Nf3 e6 5. Bf4 Nf6 6. h3 Bd6 7. Bxd6 Qxd6 8. e3 h6 9. a3 Nbd7 10. Bd3 Bxd3 11. Qxd3 dxc4 12. Qxc4 0-0 13. 0-0 Nb6 14. Qb3 Rab8 15. e4 Qe7 16. Rfd1 Rfd8 1/2-1/2

[Event "SLO-ch U14"]
[Site "Postojna"]
[Date "2008.02.26"]
[Round "3"]
[White "Kralj, Samo"]
[Black "Pahor, Ziga"]
[Result "1/2-1/2"]
[WhiteElo "1570"]
[BlackElo "1650"]
[PlyCount "94"]
[EventDate "2008.02.24"]
[EventType "swiss"]
[EventRounds "9"]
[EventCountry "SLO"]
[SourceTitle "EXT 2010"]
[Source "ChessBase"]
[SourceDate "2010.11.25"]
[SourceVersion "1"]
[SourceVersionDate "2010.11.25"]
[SourceQuality "1"]

1. e4 d5 2. exd5 Qxd5 3. Nc3 Qa5 4. d4 Nf6 5. Nf3 c6 6. Bd2 Bg4 7. Be2 Qb6 8. 0-0 e6 9. Rb1 Bxf3 10. Bxf3 Qxd4 11. Qe2 Qb6 12. Be3 Qc7 13. Rfd1 Be7 14. Rd2 0-0 15. Rbd1 Nbd7 16. Ne4 Nd5 17. c4 N5b6 18. Bxb6 Nxb6 19. a4 a5 20. b3 Rfd8 21. g3 h6 22. Qe3 Rxd2 23. Rxd2 Rb8 24. Nc5 Bg5 25. Qe2 Bxd2 26. Qxd2 Rd8 27. Qxa5 Ra8 28. Qc3 Nd7 29. Nd3 Nf6 30. Kg2 Qd6 31. Nf4 Rd8 32. Qa5 Qe7 33. Qb6 e5 34. Qe3 Qb4 35. Nh3 e4 36. Be2 Rd2 37. Nf4 Rb2 38. Nh5 Nxh5 39. Bxh5 Rxb3 40. Qxe4 Qf8 41. Bd1 Rb4 42. Bc2 g6 43. Qd4 b5 44. axb5 cxb5 45. Bd3 Kh7 46. Qd5 bxc4 47. Bxc4 Kg8 1/2-1/2